000 00531nam a2200145 a 4500
001 000038279
005 20201002031221.0
008 130408s1991 dr a 000 0 spa d
040 _aDO-SdBNP
_bspa
_cBNPHU
245 0 0 _aProduccion agropecuaria y FMI :
_bpanel organizado por coloquio agropecuario /
_cpanelistas Carlos Ascuasiati ...[et. al.].
260 _aSanto Domingo :
_bCEPAE ,
_c1991.
300 _a58 p. :
_bil. ;
_c20 cm.
700 1 _aAscuasiati, Carlos
_98509
710 1 _aCentro de Planificación y Acción Ecuménica
_954119
999 _c37769
_d37769